| 000 | 00910nam a2200253 a 4500 | ||
|---|---|---|---|
| 001 | 72452 | ||
| 003 | BD-RjUL | ||
| 005 | 20211209082249.0 | ||
| 008 | 170518s1920 enka 001 0 eng d | ||
| 035 | _a(BD-RjUL)72670 | ||
| 040 |
_aDLC/ICU _cICU _dBD-RjUL _beng |
||
| 041 | _aeng | ||
| 082 |
_223 _a540 _bFRE 1960 |
||
| 100 | 1 |
_aFreund, Ida _d1863-1914. _9214278 |
|
| 245 | 1 | 4 |
_aThe Experimental Basis of Chemistry : _bSuggestions for a Series of Experiments illustrative of the Fundamental Principles of Chemistry/ _cby Ida Freund ... ed. by A. Hutchinson ... and M. Beatrice Thomas ... |
| 260 |
_aCambridge : _bThe University press, _c1920. |
||
| 300 |
_axvi, 408 p. _bill. ; _c22 cm. |
||
| 500 | _aIncludes Index. | ||
| 650 | 0 |
_aChemistry _9214279 |
|
| 700 | 1 |
_aHutchinson, A. _q(Arthur), _d1866- _eed. _9214280 |
|
| 700 | 1 |
_aThomas, M. Beatrice, _ejoint ed. _9214281 |
|
| 942 |
_2ddc _cBK |
||
| 999 |
_c72452 _d72452 |
||